MARC details
| 000 -LEADER |
| campo de control de longitud fija |
01709nam a2200433 i 4500 |
| 001 - NÚMERO DE CONTROL |
| campo de control |
196860 |
| 003 - IDENTIFICADOR DE NÚMERO DE CONTROL |
| campo de control |
ES-MaACL |
| 005 - FECHA Y HORA DE LA ÚLTIMA TRANSACCIÓN |
| campo de control |
20250112063037.0 |
| 007 - CAMPO FIJO DE DESCRIPCIÓN FÍSICA--INFORMACIÓN GENERAL |
| campo de control de longitud fija |
ta |
| 008 - DATOS DE LONGITUD FIJA--INFORMACIÓN GENERAL |
| campo de control de longitud fija |
250110s1863 sp a ||| |aspa d |
| 035 ## - NÚMERO DE CONTROL DEL SISTEMA |
| Número de control de sistema |
(CAT)0054-76260 |
| 035 ## - NÚMERO DE CONTROL DEL SISTEMA |
| Número de control de sistema |
CCPB000680797-6 |
| 040 ## - FUENTE DE CATALOGACIÓN |
| Centro catalogador/agencia de origen |
CAT |
| Lengua de catalogación |
spa |
| Centro/agencia transcriptor |
CAT |
| Centro/agencia modificador |
CCPB |
| Normas de descripción |
rdc |
| 080 ## - NÚMERO DE LA CLASIFICACIÓN DECIMAL UNIVERSAL |
| Número de la Clasificación Decimal Universal |
343.83(44)"16/18" |
| 100 1# - ENTRADA PRINCIPAL--NOMBRE DE PERSONA |
| Nombre de persona |
Sanson, Henri, |
| Fechas asociadas al nombre |
1917- |
| 9 (RLIN) |
167496 |
| Término indicativo de función/relación |
Autor |
| 245 14 - MENCIÓN DEL TÍTULO |
| Título |
Los Misterios del cadalso : |
| Resto del título |
memorias de siete generaciones de verdugos (1688-1847) / |
| Mención de responsabilidad, etc. |
por H. Sanson ; traduccion española por Juan Sala. |
| 260 ## - PUBLICACIÓN, DISTRIBUCIÓN, ETC. |
| Lugar de publicación, distribución, etc. |
Madrid : |
| Nombre del editor, distribuidor, etc. |
[s.n.], |
| Fecha de publicación, distribución, etc. |
1863 |
| Fabricante |
(Estab. Tip.-Lit. de Manini Hermanos) |
| 300 ## - DESCRIPCIÓN FÍSICA |
| Extensión |
863 p., [27] h. de lám. : |
| Otras características físicas |
il. ; |
| Dimensiones |
24 cm. |
| 336 ## - TIPO DE CONTENIDO |
| Fuente |
rdacontent |
| Término de tipo de contenido |
texto |
| 337 ## - TIPO DE MEDIO |
| Fuente |
rdamedia |
| Nombre/término del tipo de medio |
sin mediación |
| 338 ## - TIPO DE SOPORTE |
| Fuente |
rdacarrier |
| Nombre/término del tipo de soporte |
volumen |
| 510 ## - NOTA DE CITAS O REFERENCIAS BIBLIOGRÁFICAS |
| Nombre de la fuente |
CCPB, |
| Localización dentro de la fuente |
000680797-6 |
| 561 ## - PROPIEDAD E HISTORIA DE CUSTODIA/NOTA DE PROCEDENCIA |
| Enlace entre campo y número de secuencia |
3.1 |
| Historial |
Sello: "Círculo de Tarragona" |
| 561 ## - PROPIEDAD E HISTORIA DE CUSTODIA/NOTA DE PROCEDENCIA |
| Enlace entre campo y número de secuencia |
4.1 |
| Historial |
Sello: Consejo Superior de Investigaciones Científicas, Biblioteca General. |
| 561 ## - PROPIEDAD E HISTORIA DE CUSTODIA/NOTA DE PROCEDENCIA |
| Enlace entre campo y número de secuencia |
4.2 |
| Historial |
Procede de: CSIC, Biblioteca General (antiguo Patronato Menéndez Pelayo), Madrid, con signatura 92-4º/354. |
| 563 ## - INFORMACIÓN DE ENCUADERNACIÓN |
| Enlace entre campo y número de secuencia |
2.1 |
| Nota de encuadernación |
Enc. hol. |
| 563 ## - INFORMACIÓN DE ENCUADERNACIÓN |
| Enlace entre campo y número de secuencia |
3.1 |
| Nota de encuadernación |
Encuadernación holandesa. |
| 563 ## - INFORMACIÓN DE ENCUADERNACIÓN |
| Enlace entre campo y número de secuencia |
4.1 |
| Nota de encuadernación |
Encuadernación holandesa. |
| 597 ## - NOTA A LA DESCRIPCION FISICA |
| Nota |
Portada adicional grabada. |
| 650 #4 - PUNTO DE ACCESO ADICIONAL DE MATERIA--TÉRMINO DE MATERIA |
| Término de materia o nombre geográfico como elemento de entrada |
Ejecuciones |
| Subdivisión geográfica |
Francia |
| 9 (RLIN) |
239444 |
| 650 #4 - PUNTO DE ACCESO ADICIONAL DE MATERIA--TÉRMINO DE MATERIA |
| Término de materia o nombre geográfico como elemento de entrada |
Ajusticiamentos y verdugos |
| Subdivisión geográfica |
Francia |
| 9 (RLIN) |
239445 |
| 700 0# - ENTRADA AGREGADA--NOMBRE PERSONAL |
| Nombre de persona |
Sala, Juan |
| 9 (RLIN) |
101648 |
| Término indicativo de función/relación |
Traductor |
| 752 ## - ENTRADA AGREGADA--NOMBRE JERÁRQUICO DEL LUGAR |
| País o entidad superior |
España |
| Ciudad |
Madrid |
| 852 ## - LOCALIZACIÓN |
| Ubicación |
ES-MaACL |
| Número de control de estantería |
G-16021 |
| Ubicación en estantería |
Depósito 2 |
| 942 ## - ELEMENTOS DE ENTRADA SECUNDARIOS (KOHA) |
| Suprimir en OPAC |
No |
| Tipo de ítem Koha |
Libro impreso antiguo |